• 首页
  • 本馆介绍
  • 公告通知
  • 最新文献
  • 馆藏检索
  • 电子资源
  • 读者导购
  • 参考咨询
  • 我的图书馆
  • 登录
  • 详细信息显示
  • 放入我的书架
  • 预约/预借图书
  • 作者相关作品
  • 分类相关作品
  • 丛书相关作品
  • 出版社相关作品

书目信息

  • 表格格式
  • 工作单格式
  • 卡片格式
题名:
大学英语六级强化训练
    
 
作者: 韩哲 主编
分册:  
出版信息: 北京   外语教学与研究出版社  2002
页数: 233页
开本: 26cm
丛书名:
单 册:
中图分类: H310.42
科图分类:
主题词: 英语--高等学校--习题
电子资源:
ISBN: 7-5600-2990-6
000 00717nam0 2200229 45
001 0195025948
005 20070607091505.28
010    @a7-5600-2990-6@dCNY16.90
100    @a19950521d2002 y0chiy0121 ea
101 0  @achi@aeng
102    @aCN@b110000
105    @ay zq 000yy
200 10 @a大学英语六级强化训练@Ada xue ying yu liu ji qiang hua xun lian@f韩哲等主编@Fhan zhe deng zhu bian
210    @a北京@c外语教学与研究出版社@d2002
215    @a233页@d26cm
300    @a本书附带磁带
517 1  @a大学英语学习考试手册@ADA XUE YING YU XUE XI KAO SHI SHOU CE
606    @a英语@x高等学校@x习题
690    @aH310.42@v3
701  0 @a韩哲@Ahan zhe@4主编
801  0 @aCN@bTSSF@c20070607
905    @a10447@dH310.42@e1043
    
    大学英语六级强化训练/韩哲等主编.-北京:外语教学与研究出版社,2002
    233页;26cm
    本书附带磁带
    
    ISBN 7-5600-2990-6:CNY16.90
    
●
相关链接 在E读中查询图书 在五车中查询图书 在当当中查询图书 在豆瓣中查询图书


正题名:大学英语六级强化训练     索取号:H310.42/1043         预约/预借

序号 登录号 条形码 馆藏地/架位号 状态 备注
1 0409105   204091053   第二样本阅览室/ [索取号:H310.42/1043] 在馆    
2 0409106   204091062   密集书库/ [索取号:H310.42/1043] 在馆    
唐山师范学院图书馆 欢迎您!
大连网信软件有限公司© 版权所有